| 000 | 01695cam a2200169 i 4500 | ||
|---|---|---|---|
| 020 | _a9781107012318 (hardback) | ||
| 082 | 0 | 0 |
_a628.1 _bDAN/CO |
| 100 | 1 | _aDaniell, Katherine A., | |
| 245 | 1 | 0 | _aCo-engineering and participatory water management : |
| 300 |
_ax, 335 pages : _billustrations ; |
||
| 490 | 0 | _aInternational hydrology series | |
| 520 | _a"Effective participatory water management requires effective co-engineering - the collective process whereby organisational decisions are made on how to bring stakeholders together. This trans-disciplinary book highlights the challenges involved in the collective initiation, design, implementation and evaluation of water planning and management processes. It demonstrates how successful management requires the effective handling of two participatory processes: the stakeholder water management process and the co-engineering process required to organise this. The book provides practical methods for supporting improved participatory processes, including the application of theory and models to aid decision-making. International case studies of these applications from Australia, Europe and all over the world including Africa, are used to examine negotiations and leadership approaches, and their effects on the participatory stakeholder processes. This international review of participatory water governance forms an important resource for academic researchers in hydrology, environmental management and water policy, and also practitioners and policy-makers working in water management"-- | ||
| 650 | 0 | _aWatershed management | |
| 650 | 0 | _aWater resources development | |
| 650 | 7 | _aSCIENCE / Earth Sciences / Hydrology. | |
| 942 | _cREF | ||
| 999 |
_c14004 _d14004 |
||